MLB 2024-2025 Off-Season Moves - Statistics

General Stats
  • This quiz has been taken 141 times
  • The average score is 21 of 30
Answer Stats
Position Original team Current team Player % Correct
3B (looks to be playing 2B in 2025) Houston Astros Boston Red Sox Alex Bregman
98%
OF Baltimore Orioles Toronto Bluejays Anthony Santander
92%
1B Arizona Diamondbacks Houston Astros Christian Walker
92%
SP San Francisco Giants Los Angeles Dodgers Blake Snell
88%
SP Baltimore Orioles Arizona Diamondbacks Corbin Burnes
88%
OF New York Yankees New York Mets Juan Soto
88%
1B St. Louis Cardinals New York Yankees Paul Goldschmidt
84%
1B New York Mets Re-signed Pete Alonso
83%
OF San Diego Padres Atlanta Braves Jurickson Profar
82%
SS Milwaukee Brewers San Francisco Giants Willy Adames
80%
SP Atlanta Braves New York Yankees Max Fried
79%
SP Chiba Lotte Marines (Nippon) Los Angeles Dodgers Roki Sasaki
75%
RP New York Yankees New York Mets Clay Holmes
74%
1B Minnesota Twins Cleveland Guardians Carlos Santana
73%
SS San Diego Padres Tampa Bay Rays Ha-Seong Kim
73%
SP New York Mets Athletics Luis Severino
73%
RP Pittsburgh Pirates Boston Red Sox Aroldis Chapman
72%
OF Los Angeles Dodgers Re-signed Teoscar Hernández
70%
OF/DH Atlanta Braves Los Angeles Angels Jorge Soler
68%
SP Texas Rangers Toronto Bluejays Max Scherzer
65%
SP Texas Rangers Re-signed Nathan Eovaldi
65%
OF San Francisco Giants Los Angeles Dodgers Michael Conforto
63%
SP Los Angeles Dodgers Boston Red Sox Walker Buehler
63%
RP San Diego Padres Los Angeles Dodgers Tanner Scott
57%
OF Boston Red Sox Baltimore Orioles Tyler O'Neill
55%
SP New York Mets Re-signed Sean Manaea
54%
SP Boston Red Sox San Diego Padres Nick Pivetta
53%
SP Houston Astros Los Angeles Angels Yusei Kikuchi
51%
SP Kansas City Royals Re-signed Michael Wacha
49%
SP Milwaukee Brewers New York Mets Frankie Montas
35%
No matching quizzes found
Score Distribution
Percent of People with Each Score
Percentile by Number Answered
Your Score History
You have not taken this quiz